الصحراء : (Record no. 6817)
[ view plain ]
| 000 -الفاتح | |
|---|---|
| حقل البيانات ثابتة الطول | 00694nac a22001691u 4500 |
| 008 - عناصر البيانات ثابتة الطول - معلومات عامة | |
| حقل البيانات ثابتة الطول | 101010s1956 xxu||||| |||| 00| 0 ara d |
| 082 ## - رقم تصنيف ديوى العشرى | |
| رقم التصنيف | 346.04962 |
| رقم المادة | و ا ك |
| 245 ## - بيان العنوان | |
| العنوان | الصحراء : |
| بقية العنوان | آفاق صالحة للاستثمار والزراعة / |
| بيان المسئوليه,etc | تأليف عبد اللطيف واكد ، حسن مرعى |
| 250 ## - بيان الطبعة | |
| بيان الطبعة | ط 3. |
| 260 ## - PUBLICATION, DISTRIBUTION, ETC. (IMPRINT) | |
| مكان الناشر او الموزع | القاهرة : |
| اسم الناشر او الموزع | مكتبة الأنجلو المصرية ،1956 |
| تاريخ النشر أو التوزيع | 1956. |
| 300 ## - الوصف المادى | |
| التعداد | 446 ص ؛ |
| أبعاد الوعاء | 18 سم. |
| 650 ## - المدخل الاضافى بالموضوع-مصطلح موضوعى | |
| مصطلح موضوعي أو اسم جغرافي كعنصر مدخل | الإصلاح الزراعي |
| 9 (RLIN) | 20241 |
| التقسيم الفرعي الجغرافي | مصر |
| 651 ## - المدخل الاضافى بالموضوع - اسم جغرافى | |
| 9 (RLIN) | 21923 |
| الاسم الجغرافي | الصحراء الشرقية |
| 651 ## - المدخل الاضافى بالموضوع - اسم جغرافى | |
| 9 (RLIN) | 21924 |
| الاسم الجغرافي | الصحراء الغربية |
| 700 ## - المدخل الاضافى - اسم شخصى | |
| الإسم الشخصى | مرعى ، حسن |
| 9 (RLIN) | 20243 |
| 942 ## - عناصر المدخل الإضافي( كوها) | |
| Koha [default] item type | Book - Borrowing |
| سابقة رقم الطلب | 346.04962 و ا ك |
| مصدر التصنيف او مخطط الترفيف | Dewey Decimal Classification |
| حالة التراجع | حالة الفقد | مصدر التصنيف او خطة الترفيف | حالة تلف | ليس للاعارة | مجموعات كوها | المكان الدائم | المكان الحالي | موقع الترفيف | تاريخ الاكتساب | Source of acquisition | رقم الاستدعاء | الباركود | Date last seen | نوع الوعاء |
|---|---|---|---|---|---|---|---|---|---|---|---|---|---|---|
| Dewey Decimal Classification | Alef-Baa | Central Library | Central Library | First floor | 12/01/2011 | 346.04962 و ا ك | 000008446 | 15/07/2025 | Book - Borrowing |